Introduction to Nursing Research and Statistics (Record no. 355828)
[ view plain ]
| 000 -LEADER | |
|---|---|
| fixed length control field | 00469nam a22001577a 4500 |
| 005 - DATE AND TIME OF LATEST TRANSACTION | |
| control field | 20230904173721.0 |
| 008 - FIXED-LENGTH DATA ELEMENTS--GENERAL INFORMATION | |
| fixed length control field | 230818b |||||||| |||| 00| 0 eng d |
| 020 ## - INTERNATIONAL STANDARD BOOK NUMBER | |
| International Standard Book Number | 97815-43345-24-7 |
| 082 ## - DEWEY DECIMAL CLASSIFICATION NUMBER | |
| Classification number | R/610.724/DUB/DB1140 |
| 100 ## - MAIN ENTRY--PERSONAL NAME | |
| Author | Dudhe Akshay |
| -- | Dharmadhikari Snehal |
| 245 ## - TITLE STATEMENT | |
| Title | Introduction to Nursing Research and Statistics |
| 260 ## - PUBLICATION, DISTRIBUTION, ETC. | |
| Place of publication, distribution, etc. | Jalandhar |
| Name of publisher, distributor, etc. | S.Vikas and Company (Medical Publisher) |
| Date of publication, distribution, etc. | 2021 |
| 300 ## - PHYSICAL DESCRIPTION | |
| Extent | 126p |
| 365 ## - TRADE PRICE | |
| Price amount | 255.00 |
| 942 ## - ADDED ENTRY ELEMENTS (KOHA) | |
| Koha item type | Donated Book |
| Withdrawn status | Lost status | Source of classification or shelving scheme | Damaged status | Not for loan | Home library | Current library | Date acquired | Net Price | Bill number | Total Checkouts | Total Renewals | Full call number | Barcode | Date last seen | Date last checked out | Bill Date | Koha item type | Original Barcode | Vendor | Actual Price |
|---|---|---|---|---|---|---|---|---|---|---|---|---|---|---|---|---|---|---|---|---|
| Dewey Decimal Classification | Sitabai Nargundkar College of Nursing Nagpur | Sitabai Nargundkar College of Nursing Nagpur | 24/05/2024 | 255.00 | IK#2024-25#00025 | 1 | 610.724/DUB | SNCN-DB-210 | 07/10/2025 | 04/10/2025 | 22/05/2024 | Donated Book | DB-210 | Donated by Ms. Roshani Bondule, Nagpur | 255.00 | |||||
| Dewey Decimal Classification | Smt. Bakul Tambat Institute of Nursing Education | Smt. Bakul Tambat Institute of Nursing Education | 11/08/2023 | 255.00 | 65 | 1 | 1 | R 610.724 DUB DB1140 | BTIN-DB-1140 | 27/09/2024 | 03/09/2024 | 18/08/2023 | Donated Book | DB1140 |